000 00596nam a2200265Ia 4500
005 20260306163818.0
008 008 260114s9999 xx 000 0 eng d
020 _a9781474400817
037 _aEBOOK
040 _aCRL
040 _beng
040 _cCRL
041 _2eng
041 _aeng
084 _qCRL
100 _aTomlinson
245 0 _aDundee And The Empire
260 _bEdinburgh University Press
260 _c2014
650 _aSocial Work
856 _uhttps://academic.oup.com/book/19166
942 _cEBOOK
999 _c1711591
_d1711591